| 000 | 00776nam a2200229 a 4500 | ||
|---|---|---|---|
| 001 | 000079317 | ||
| 005 | 20200120224326.0 | ||
| 008 | 150716s2015 ck o g | 000 | spa d | ||
| 020 | _a9789589951323. | ||
| 041 | 0 | _a-+spa | |
| 043 | _as-ck--- | ||
| 082 | 0 | 4 |
_a928.61 _bG11 _221 |
| 245 | 1 | 0 |
_aGabo (1927 - 2014) / _ceditor general Alejandro Santos Rubino. |
| 260 |
_aBogotá : _bSemana, _c2015. |
||
| 300 | _a161 p. | ||
| 500 | _aIncluye epílogo | ||
| 600 | 1 | 4 |
_aGarcía Márquez, Gabriel _d1927-2014 _xHomenajes póstumos |
| 600 | 2 | 4 |
_aGarcía Márquez, Gabriel _d1927-2014 _xCrítica e interpretación |
| 650 | 1 | 4 |
_aLiteratura colombiana _xHistoria y crítica _ySiglo XX |
| 650 | 2 | 4 |
_aAutores colombianos _ySiglo XX _vBiografías |
| 700 | 1 |
_aSantos Rubino, Alejandro. _eEditor. |
|
| 999 |
_c9018 _d9018 |
||